000 01459nam a2200385 c 4500
003 BLK
005 20241221115038.0
008 180409b bul|||||r ||||||| ||bul||
010 _aKNG00136627000
020 _a978-954-321-951-3
_bиздат.: Изток-Запад
040 _aBLK
041 _aBUL
_cBUL
072 7 _2bullib
_aН15
_xПсихология Н
080 _aПсихология на юношите
_b159.922.8
_x
_z159.922.8
100 1 _aГосподинов, Владислав Динков
_eпърви автор
_9315486
139 _aГосподинов, Владислав Динков
_bГ 70
245 1 0 _a(Н)етикет и възпитание
_bС фокус към юношите
_cВладислав Динков Господинов.
257 _aBGR
260 София
_bИзток-Запад
_c2011
300 _a248 с.
_bс табл., диагр.
_c22 см
380 _a3
500 _aБиблиогр. с. 215-219. - Рез. на англ., рус., нем., фр. ез.
650 4 _aЮноши - психология
_9263551
650 4 _aВъзпитание
_9151367
653 _aюноши
653 _aпсихология
653 _aвъзпитание
659 _aН
852 _aЦб 257207
856 4 _qpdf
_u
856 4 _qpdf
_u
942 _cKNG
_n0
_05
944 _aCR
_c30.11.2012
_lКети Илиева
_k30550
944 _aED
_c17.09.2013
_lф /
_k
999 _c130834
_d130834